000 00248nam a2200097Ia 4500
008 230508s1999 xx 000 0 und d
041 _aeng
100 _aMALVINO BROWN
245 _aDIGITAL COMPUTER ELECTRONICS
260 _bTATA MC GRAW HILL CO
_c1999
999 _c716421
_d716421